1000 PATRAKARITA EVAM JANSANCHAR PRASNOTAR (Record no. 5357)

MARC details
000 -LEADER
fixed length control field 00393nam a22001577a 4500
005 - DATE AND TIME OF LATEST TRANSACTION
control field 20170330115537.0
008 - FIXED-LENGTH DATA ELEMENTS--GENERAL INFORMATION
fixed length control field 170330b xxu||||| |||| 00| 0 eng d
020 ## - INTERNATIONAL STANDARD BOOK NUMBER
ISBN 81-7721-097-1
041 ## - LANGUAGE CODE
Language code of text/sound track or separate title eng
100 ## - MAIN ENTRY--AUTHOR NAME
Personal name CHAITANYA,S.P
245 ## - TITLE STATEMENT
Title 1000 PATRAKARITA EVAM JANSANCHAR PRASNOTAR
260 ## - PUBLICATION, DISTRIBUTION, ETC. (IMPRINT)
Name of publisher SATSAHITYA PRAKSHAN
Year of publication 2011
300 ## - PHYSICAL DESCRIPTION
Number of Pages 159
650 ## - SUBJECT ADDED ENTRY--TOPICAL TERM
Topical Term MASS COMM
942 ## - ADDED ENTRY ELEMENTS (KOHA)
Koha item type Books
Holdings
Lost status Damaged status Collection code Home library Current library Shelving location Date acquired Source of acquisition Cost, normal purchase price Accession Number Koha item type
    LIFE SKILL JRU Library JRU Library SHELF-43-F 29/03/2017 PURCHASE 175.00 21537 Books
      JRU Library   WR-1 F 29/03/2017 PURCHASE 175.00 21538 Books
      JRU Library   SHELF-32-I 29/03/2017 PURCHASE 175.00 21539 Books